000 00617nam a2200229Ia 4500
001 dia_7707
003 CHAP
008 220117s[196 xx 000 0 und d
010 _a178715
040 _cCHAP
090 _aF 965 [1969]
100 _aHurtado, Ricardo J.
_9163016
245 _aElectrificación de los ranchos en Caracas /
_c Ricardo J. Hurtado
260 _aMéxico :
_b Comisión Federal de Electricidad,
_c[196
300 _a12 h.
901 _aF 965 [1969]
902 _aM
905 _a000000[1969] mx 0000000000spa00
942 _c12
942 _c12
999 _c178715
_d178715